000 00440nam a2200145Ia 4500
008 231129s2007||||xx |||||||||||||| ||spa||
020 _a978-958-8306-10-0
040 _bspa
082 _a641.5944 V732c
100 _aVillegas Marí­a
245 0 _aLa comida de francia: un viaje para los amantes de la cocina
260 _c2007
264 _a[Boogtá] Colombia : Villegas Editores
942 _2ddc
_cBKS
999 _c16687
_d16687